000 00680nam a22002172 4500
001 0000018901
005 20151217145908.0
008 100812s xx 000 0 eng d
020 _a0237510820 :
040 _aKABU
_cKABU
245 1 2 _aA Modern history of Kenya 1895-1980 in honour of B. A. Ogot /
_cedited by William R. Ochieng.
250 _a1st ed.
260 _aNairobi :
_bEvans,
_c1989.
300 _av, 259 p.
600 1 0 _aOgot, Berthwell A.
_@0000178369
651 0 _aKenya
_xHistory
_y1895-1963.
_@0000178370
700 1 _aOchieng, William R.
_@0000148735
852 1 _9p385 KES
908 _a100812
950 _@1
999 _c3827
_d3827